00507nam a2200133Ia 4500008004100000020001400041040004400055100002100099245011400120260003400234300001000268600008000278999001500358180412s9999||||xx |||||||||||||| ||und|| a285622277 aAhmadu Bello University Library - Zaria aSTANWAY, Andrew. 0aTaking the rough with the smooth: dietary fibre and your health: a new medical breakthrough.cAndrew Stanway. aLondon.bSauvenir Pressc1976 a255p. aNutritional requirements. Biological value of foods. Tables of food values. c2183d2183